Italy's Top-Capped Football Players - Statistics

General Stats
  • This quiz has been taken 249 times
    202 since last reset
  • The average score is 11 of 20
Answer Stats
Caps Player % Correct
175 Gianluigi Buffon
94%
126 Paolo Maldini
92%
91 Alessandro Del Piero
80%
136 Fabio Cannavaro
80%
116 Andrea Pirlo
78%
96 Giorgio Chiellini
76%
78 Alessandro Nesta
74%
75 Leonardo Bonucci
70%
112 Dino Zoff
66%
81 Franco Baresi
66%
117 Daniele De Rossi
58%
98 Gianluca Zambrotta
54%
73 Andrea Barzagli
42%
78 Gaetano Scirea
29%
94 Giacinto Facchetti
26%
81 Giuseppe Bergomi
26%
79 Demetrio Albertini
23%
73 Antonio Cabrini
22%
81 Marco Tardelli
22%
73 Giancarlo Antognoni
11%
No matching quizzes found
Score Distribution
Percent of People with Each Score
Percentile by Number Answered
Your Score History
You have not taken this quiz since the last reset